[Event "Charleroi Open 2013"]
[Site "Charleroi BEL"]
[Date "2013.08.03"]
[Round "9.7"]
[White "Geenen,M"]
[Black "Callier,C"]
[Result "1/2-1/2"]
[WhiteElo "2235"]
[BlackElo "2060"]

1.e4 d5 2.exd5 Qxd5 3.Nc3 Qd6 4.d4 Nf6 5.Nf3 a6 6.g3 Bg4 7.Bg2 Nc6 8.O-O O-O-O
9.d5 Ne5 10.Bf4 Nxf3+ 11.Bxf3 Bxf3 12.Qxf3 e5 13.dxe6 Qxe6 14.Bg5 Bd6 15.Rfe1 Be5
16.Ne4 Nxe4 17.Bxd8 Nd2 18.Qe2  1/2-1/2

[Event "Politiken Cup 2013"]
[Site "Helsingor DEN"]
[Date "2013.08.03"]
[Round "9.139"]
[White "Starup,Leo"]
[Black "Endresen,Ola Torstein"]
[Result "1/2-1/2"]
[WhiteElo "1686"]
[BlackElo "1399"]

1.e4 d5 2.exd5 Qxd5 3.Nc3 Qd6 4.d4 Nf6 5.Nf3 a6 6.Ne5 Nbd7 7.Bf4 Qb6 8.Na4 Qa5+
9.c3 Nxe5 10.Bxe5 c6 11.Nc5 e6 12.Nd3 Be7 13.Qf3 O-O 14.Be2 Nd7 15.O-O Nxe5
16.Nxe5 Qc7 17.Bd3 Bf6 18.Ng4 Be7 19.Qh3 g6 20.Qh6 f5 21.Ne5 Bf6 22.Nf3 Qg7
23.Qe3 Bd7 24.Ne5 Bxe5 25.Qxe5 Qxe5 26.dxe5  1/2-1/2

[Event "Politiken Cup 2013"]
[Site "Helsingor DEN"]
[Date "2013.08.03"]
[Round "9.97"]
[White "Jensen,Mi"]
[Black "Nielsen,JeH"]
[Result "1-0"]
[WhiteElo "2066"]
[BlackElo "1849"]

1.e4 d5 2.exd5 Qxd5 3.Nc3 Qd6 4.d4 Nf6 5.Nf3 a6 6.g3 Bg4 7.Bg2 Nc6 8.Bf4 Qd7
9.h3 Bh5 10.g4 Bg6 11.Ne5 Nxe5 12.dxe5 Qe6 13.Bxb7 Rb8 14.Qf3 Nd7 15.Rd1 Nxe5
16.Bxe5 Qxe5+ 17.Kf1 f6 18.Qc6+ Kf7 19.Qc4+ e6 20.Re1 Qd6 21.Rxe6 Qc5 22.Re7+ Kxe7
23.Qxc5+ Kd8 24.Qd5+ Bd6 25.Ne4 Bxe4 26.Qxe4 Re8 27.Qf3 Re5 28.Kg2 Rb5 29.Bc6 Re5
30.b3 Ke7 31.Rd1 Rf8 32.Rd5 Re1 33.Qf5 Kf7 34.Qxh7 Rd8 35.Rd3 Ra1 36.Bd5+  1-0

[Event "23rd Pobla De Lillet"]
[Site "La Pobla de Lillet ESP"]
[Date "2013.08.03"]
[Round "2.9"]
[White "Simon Padros,E"]
[Black "Guasch Murtra,J"]
[Result "1-0"]
[WhiteElo "2221"]
[BlackElo "1981"]

1.e4 d5 2.exd5 Qxd5 3.Nc3 Qd8 4.d4 Nf6 5.Nf3 c6 6.Bc4 e6 7.Qe2 Be7 8.Bf4 Nbd7
9.O-O Nb6 10.Bb3 Nbd5 11.Bd2 Nxc3 12.Bxc3 O-O 13.Rfe1 b5 14.Ne5 Qc7 15.a4 b4
16.Bd2 Nd5 17.Qc4 Bb7 18.a5 Rac8 19.Nd3 Bd6 20.g3 Qe7 21.Nc5 Ba8 22.Bxb4 Nxb4
23.Qxb4 Rb8 24.Qc4 Rb5 25.a6 Rfb8 26.Nd3 Rh5 27.Ne5 c5 28.Qe2 g6 29.Qg4 cxd4
30.Nxf7 Rxb3 31.Nxd6 Re3 32.fxe3 Qxd6 33.e4 Re5 34.Qf4  1-0

[Event "XI Miguel Najdorf Open A 2013"]
[Site "Warsaw POL"]
[Date "2013.08.06"]
[Round "2.14"]
[White "Eggink,R"]
[Black "Pazderski,Z"]
[Result "0-1"]
[WhiteElo "2162"]
[BlackElo "2232"]

1.e4 d5 2.exd5 Qxd5 3.Nc3 Qd6 4.d4 Nf6 5.Nf3 a6 6.Be2 Nc6 7.Be3 Bf5 8.Qd2 e6
9.Nh4 O-O-O 10.O-O-O Be4 11.Nxe4 Nxe4 12.Qd3 f5 13.Nf3 Be7 14.Nd2 Nxd2 15.Qxd2 Bf6
16.Bc4 Bxd4 17.c3 Qc5 18.Bxe6+ Kb8 19.Rhe1 Rhe8 20.Bxd4 Rxd4 21.Qe3 Rxd1+
22.Kxd1 Qd6+ 23.Kc1 Nd8 24.Rd1 Qf8  0-1

[Event "Arad Open 2013"]
[Site "Arad ROU"]
[Date "2013.08.08"]
[Round "8.17"]
[White "Mozes,E"]
[Black "Ardeleanu,A"]
[Result "1-0"]
[WhiteElo "2207"]
[BlackElo "2321"]

1.e4 d5 2.exd5 Qxd5 3.Nc3 Qd6 4.d4 a6 5.g3 Nf6 6.Bg2 Bg4 7.Nge2 Nc6 8.Bf4 e5
9.dxe5 Nxe5 10.Qxd6 Bxd6 11.Bxe5 Bxe5 12.Bxb7 Rb8 13.Bc6+ Ke7 14.f3 Rb6 15.fxg4 Rxc6
16.h3 Rd8 17.Rd1 Rxd1+ 18.Kxd1 Rd6+ 19.Kc1 Nd5 20.Nxd5+ Rxd5 21.Rf1 Ra5 22.a3 g6
23.Rf3 Bg7 24.Nf4 Rb5 25.c3 Re5 26.Kd2 Rb5 27.b4 Rg5 28.Kd3 c6 29.Kc4 a5
30.Nd3 h5 31.gxh5 Rxh5 32.g4 Rd5 33.a4 axb4 34.cxb4 f5 35.gxf5 gxf5 36.Rf4 Kd6
37.h4 Be5 38.Rxf5 Rd4+ 39.Kc3 Bg7 40.Rg5 Bh8 41.Rg6+ Kd5 42.h5 Rh4+  1-0

[Event "FSIM August 2013"]
[Site "Budapest HUN"]
[Date "2013.08.08"]
[Round "6.1"]
[White "Farago,S"]
[Black "Wiander,M"]
[Result "1-0"]
[WhiteElo "2270"]
[BlackElo "2139"]

1.e4 d5 2.exd5 Qxd5 3.Nc3 Qd6 4.Bc4 Nf6 5.h3 a6 6.Nf3 b5 7.Bb3 Bb7 8.a4 c6
9.d4 Nbd7 10.Ng5 e6 11.Qf3 Qc7 12.Nce4 h6 13.Bf4 Qa5+ 14.Bd2 Qd8 15.Nxf6+ Nxf6
16.Ne4 Qxd4 17.Nxf6+ Qxf6 18.Qg3 Bc5 19.O-O Rd8 20.Bf4 O-O 21.c3 Rd7 22.h4 Kh8
23.Rae1 Rg8 24.Re4 Qe7 25.Rfe1 Bd6 26.Bc2 c5 27.Rxe6 Bxf4 28.Rxe7 Bxg3 29.Rxd7 Bc8
30.Rxf7 Bxh4 31.axb5 axb5 32.Bg6  1-0

[Event "FSGM August 2013"]
[Site "Budapest HUN"]
[Date "2013.08.11"]
[Round "8.1"]
[White "Tesik,C"]
[Black "Stefansson,H"]
[Result "1/2-1/2"]
[WhiteElo "2353"]
[BlackElo "2526"]

1.e4 d5 2.exd5 Qxd5 3.Nc3 Qd6 4.Nf3 Bg4 5.h3 Bh5 6.g4 Bg6 7.d4 e6 8.Ne5 Nd7
9.Nxg6 hxg6 10.Bg2 c6 11.Ne4 Qc7 12.Qf3 Ngf6 13.Bf4 Qa5+ 14.c3 Nxe4 15.Qxe4 Be7
16.O-O Qd8 17.c4 O-O 18.Rad1 Re8 19.b3 g5 20.Bg3 Bf6 21.Rfe1 Nb6 22.Qe3  1/2-1/2

[Event "SS Manhem IM 2013"]
[Site "Gothenburg SWE"]
[Date "2013.08.11"]
[Round "3.4"]
[White "Rydstrom,Tom"]
[Black "Fries Nielsen,JO"]
[Result "0-1"]
[WhiteElo "2185"]
[BlackElo "2376"]

1.e4 d5 2.exd5 Qxd5 3.Nc3 Qd8 4.d4 g6 5.Be3 Nh6 6.Bc4 Nf5 7.Qf3 Bg7 8.g4 Nd6
9.Bb3 Nc6 10.Nge2 Na5 11.h4 Nxb3 12.axb3 Qd7 13.Nd5 h6 14.Bf4 a5 15.c4 Ra6
16.Ne3 O-O 17.O-O h5 18.gxh5 Nf5 19.Nxf5 Qxf5 20.Kh2 Re6 21.Ng3 Qf6 22.Qg4 Qxd4
23.Rad1 Qxb2 24.hxg6 Rxg6 25.Qe2 Rxg3 26.Qxb2 Rh3+ 27.Kg2 Bxb2 28.Rd2 Bf6
29.Rfd1 Rxh4  0-1

[Event "47th Mislata Open"]
[Site "Mislata ESP"]
[Date "2013.08.12"]
[Round "1.6"]
[White "Cabero Feliciano,G"]
[Black "Cruz Lledo,P"]
[Result "0-1"]
[WhiteElo "2072"]
[BlackElo "2271"]

1.e4 d5 2.exd5 Qxd5 3.Nc3 Qd6 4.d4 Nf6 5.Nf3 a6 6.g3 Bg4 7.Bg2 e6 8.O-O Nc6
9.h3 Bh5 10.Bf4 Qb4 11.d5 O-O-O 12.dxc6 Rxd1 13.cxb7+ Qxb7 14.Rfxd1 Bxf3
15.Bxf3 Qxf3  0-1

[Event "88th ch-FRA 2013"]
[Site "Nancy FRA"]
[Date "2013.08.12"]
[Round "2.3"]
[White "Sokolov,And1"]
[Black "Degraeve,JM"]
[Result "1/2-1/2"]
[WhiteElo "2558"]
[BlackElo "2563"]

1.e4 d5 2.exd5 Qxd5 3.Nc3 Qd6 4.d4 Nf6 5.Nge2 c6 6.Bf4 Qd8 7.Ng3 Be6 8.Be2 Nbd7
9.O-O Nb6 10.Re1 g6 11.Qd2 Bg7 12.Rad1 O-O 13.Nce4 Nxe4 14.Nxe4 Bf5 15.Nc5 Nd5
16.Bg5 b6 17.Na6 Qc8 18.c3 Re8 19.a3 e5 20.dxe5 Rxe5 21.Nb4 h6 22.Ba6 Rxe1+
23.Qxe1 Qc7 24.Nxd5 cxd5 25.Be3 Rd8 26.Bd4 Bc2 27.Rd2 Bb3 28.Bxg7 Kxg7 29.Qe3 Rd7
30.Qd4+ Kh7 31.g3 Re7 32.Re2 Rxe2 33.Bxe2 Bc4 34.Kf1 Bxe2+ 35.Kxe2 Qc6 36.a4 h5
37.h4 f6 38.Kd3 Kg7 39.b3 Qe6 40.Qf4 Qd7 41.f3 Qe7 42.g4 Qe1 43.Qc7+ Kh6
44.Qf4+ Kg7 45.Qc7+  1/2-1/2

[Event "Stare Mesto Open 2013"]
[Site "Stare Mesto CZE"]
[Date "2013.08.16"]
[Round "9.15"]
[White "Pulpan,J"]
[Black "Jablonska,S"]
[Result "0-1"]
[WhiteElo "2126"]
[BlackElo "1957"]

1.e4 d5 2.exd5 Qxd5 3.Nc3 Qd6 4.d4 a6 5.Nf3 Nf6 6.Be2 Nbd7 7.O-O b5 8.Ne5 Nxe5
9.Bf4 Nfd7 10.dxe5 Qxd1 11.Raxd1 e6 12.Rd2 Bb7 13.Rfd1 Bc6 14.Bg3 Bc5 15.Bd3 Nb6
16.Be4 Bxe4 17.Nxe4 Be7 18.b3 g5 19.f3 Nd5 20.c4 Ne3 21.Re1 Nf5 22.c5 Rd8
23.Rxd8+ Kxd8 24.Rd1+ Kc8 25.Bf2 Rd8 26.Rxd8+ Bxd8 27.g4 Nh4 28.Bxh4 gxh4
29.f4 Kd7 30.Kf2 Kc6 31.Ke3 Kd5 32.a3 a5 33.Kd3 b4 34.a4 h6 35.c6 Be7 36.h3 Bd8
37.Nf6+ Bxf6 38.exf6 e5 39.g5 hxg5 40.fxg5 e4+ 41.Ke3 Ke5 42.g6 Kxf6 43.gxf7 Kxf7
44.Kxe4 Ke6 45.Kf4 Kd5 46.Kg4 Kd4 47.Kxh4 Kc3 48.Kg3 Kxb3 49.h4 Kxa4 50.h5 b3
51.h6 b2 52.h7 b1=Q 53.h8=Q Qg6+ 54.Kh2 Qxc6 55.Qa1+ Kb5 56.Qb2+ Ka6 57.Qe2+ Qb5
58.Qe6+ c6 59.Qc8+ Qb7 60.Qg4 Qb2+ 61.Kh1 Kb5 62.Qf5+ c5 63.Qd7+ Kb4 64.Qb7+ Ka3
65.Qc7 Qc1+ 66.Kg2 a4 67.Qc6 Qc2+ 68.Kh1 Kb2 69.Qf6+ Ka2 70.Qf2 Kb1  0-1

[Event "29th Metropolitan IM"]
[Site "Los Angeles USA"]
[Date "2013.08.17"]
[Round "7"]
[White "Peters,Ja"]
[Black "Amerkeshev,M"]
[Result "1-0"]
[WhiteElo "2360"]
[BlackElo "2228"]

1.e4 d5 2.exd5 Qxd5 3.Nc3 Qd6 4.d4 Nf6 5.Nf3 Bg4 6.h3 Bh5 7.g4 Bg6 8.Ne5 Nbd7
9.Nc4 Qe6+ 10.Ne3 c6 11.f4 Be4 12.Rg1 Bd5 13.Qd3 Qd6 14.g5 Ng8 15.Nexd5 cxd5
16.Qb5 O-O-O 17.Qxd5 Qb6 18.Bd2 e5 19.fxe5 Ne7 20.Qc4+ Nc6 21.Rg4 Qxb2 22.Rb1 Qxc2
23.Qxc6+ bxc6 24.Ba6+ Kc7 25.Rb7+ Kc8 26.Rb2+ Kc7 27.Rxc2 Nb6 28.Nb5+ Kd7
29.Nxa7 Ra8 30.Nxc6  1-0

[Event "28th Metropolitan GM"]
[Site "Los Angeles USA"]
[Date "2013.08.17"]
[Round "7"]
[White "Matikozian,A"]
[Black "Liou,Y"]
[Result "1-0"]
[WhiteElo "2475"]
[BlackElo "2402"]

1.e4 d5 2.exd5 Qxd5 3.Nc3 Qd6 4.d4 Nf6 5.Nf3 g6 6.Ne5 Bg7 7.Bc4 O-O 8.O-O c6
9.Re1 b5 10.Bb3 a5 11.a3 a4 12.Ba2 Bb7 13.Bf4 Qd8 14.Qf3 Nd5 15.Bxd5 cxd5
16.Nxb5 Qb6 17.Nc3 Ra5 18.Rad1 f6 19.Nxg6 hxg6 20.Rxe7 Nc6 21.Bc7 Qa7 22.Ree1 Nxd4
23.Rxd4 Qxd4 24.Bxa5 Qd2 25.Qd1 Qg5 26.Bb4 Rc8 27.Re7 Bc6 28.Qe1 Kh8 29.h4 Qf5
30.Ne2 Qxc2 31.Bc3 Qd3 32.Nd4 Bb5 33.Qe6 Rf8 34.Nxb5 Qxb5 35.Qd7 Qxd7 36.Rxd7 Re8
37.Rxd5 Re4 38.Rd4 Rxd4 39.Bxd4 Kg8 40.Kf1 Kf7 41.Ke2 Bf8 42.Kd3 f5 43.Kc4 Ke6
44.g3 Be7 45.Bc3 f4 46.Kb5 Kf5 47.Kxa4 Bc5 48.gxf4 Bxf2 49.Bd2 Bxh4 50.b4 Ke4
51.Kb3 Kd3 52.Bc1 Be1 53.a4 Kd4 54.a5 Kd5 55.Be3 Kc6 56.Kc4 Kb7 57.Kb5 Bc3
58.a6+ Kc7 59.Kc5  1-0

[Event "12th Lichtenberger Sommer"]
[Site "Berlin GER"]
[Date "2013.08.18"]
[Round "2.62"]
[White "Schmidt,Markus1"]
[Black "Lohse,S"]
[Result "1-0"]
[WhiteElo "2061"]
[BlackElo "1897"]

1.e4 d5 2.exd5 Qxd5 3.Nc3 Qd6 4.d4 a6 5.Nf3 Nf6 6.g3 b5 7.Bg2 Bb7 8.O-O g6
9.Bf4 Qd8 10.a4 b4 11.Na2 a5 12.c3 bxc3 13.bxc3 Ra6 14.Rb1 Rb6 15.Rxb6 cxb6
16.Qb3 e6 17.Bxb8 Qxb8 18.Qxb6 Qa8 19.Nh4 Bxg2 20.Nxg2 Qd5 21.Qb8+ Ke7 22.Qb2 Bh6
23.Nc1 Rc8 24.Ne2 Qc4 25.Qb5 Qc7 26.f4 Nd5 27.Rc1 Rb8 28.Qd3 Bg7 29.Ne3 Nxe3
30.Qxe3 Qc6 31.c4 Kf8 32.Qa3+ Kg8 33.c5 Rb4 34.Ra1 Qe4 35.Kf2 Bxd4+ 36.Nxd4 Qxd4+
37.Kg2 Qxc5 38.Rc1 Qd5+ 39.Kh3 h5 40.Rc8+ Kg7 41.Qc3+ Qd4 42.Qc6 Rxa4 43.Qe8 Kf6
44.Rc7 Kf5 45.Qxf7+ Ke4 46.Qxe6+ Kf3 47.Qb3+ Ke4 48.Re7+ Kf5 49.Qe6+  1-0

[Event "29th Metropolitan IM"]
[Site "Los Angeles USA"]
[Date "2013.08.18"]
[Round "9"]
[White "Casella,M"]
[Black "Amerkeshev,M"]
[Result "1/2-1/2"]
[WhiteElo "2224"]
[BlackElo "2228"]

1.e4 d5 2.exd5 Qxd5 3.Nc3 Qd6 4.d4 Nf6 5.Nf3 Bg4 6.h3 Bh5 7.g4 Bg6 8.Ne5 Nbd7
9.Bf4 Nxe5 10.dxe5 Qb4 11.Bd2 Ne4 12.Bg2 Nxd2 13.Qxd2 Rd8 14.Qe3 e6 15.Qxa7 c6
16.O-O Bc5 17.Qa4 Rd2 18.Qa8+ Rd8 19.Qa4 Qb6 20.Qb3 Rd2 21.Ne4 Bxe4 22.Qxb6 Bxb6
23.Bxe4 Ke7 24.Kg2 Bd4 25.Rad1 Rxd1 26.Rxd1 Bxe5 27.b3 g5  1/2-1/2

[Event "6th Jessie Gilbert Open 2013"]
[Site "Coulsdon ENG"]
[Date "2013.08.19"]
[Round "3"]
[White "Duncan,P"]
[Black "Calvert,D"]
[Result "1/2-1/2"]
[WhiteElo "2057"]
[BlackElo "1977"]

1.e4 d5 2.exd5 Qxd5 3.Nc3 Qd6 4.d4 Nf6 5.Nf3 c6 6.Bg5 Bg4 7.Qd2 Nbd7 8.O-O-O e6
9.Bf4 Qb4 10.Be2 Be7 11.Kb1 h6 12.h3 Bf5 13.g4 Ne4 14.Nxe4 Bxe4 15.Qxb4 Bxb4
16.a3 Be7 17.Rhe1 O-O-O 18.Nd2 Bh7 19.Nc4 Nb6 20.Ne5 Rhf8 21.Be3 Nd5 22.Bd3 Bxd3
23.Rxd3 Nxe3 24.Rexe3 Bd6 25.Nc4 Bc7 26.f3 Rd7 27.c3 Rfd8 28.Kc2 b5 29.Ne5 Bxe5
30.Rxe5 Rd5 31.Rde3 Kc7 32.Re2 Kb6 33.f4 c5 34.dxc5+ Kxc5 35.b4+ Kc6 36.h4 a6
37.h5 Rd1 38.g5 Rf1 39.g6 Rxf4 40.gxf7 Rxf7 41.Rxe6+ Rd6 42.Re7 Rxe7 43.Rxe7 g6
44.hxg6 Rxg6 45.Re5 Rg2+  1/2-1/2

[Event "28th Schwarzacher Open"]
[Site "Schwarzach AUT"]
[Date "2013.08.19"]
[Round "4.9"]
[White "Toth,Ge2"]
[Black "Grimberg,B"]
[Result "1/2-1/2"]
[WhiteElo "2241"]
[BlackElo "2369"]

1.e4 d5 2.exd5 Qxd5 3.Nc3 Qd6 4.d4 Nf6 5.Nf3 g6 6.Bc4 Bg7 7.O-O O-O 8.h3 a6
9.a4 Nc6 10.Ne2 e5 11.dxe5 Nxe5 12.Nxe5 Qxe5 13.c3 Ne4 14.Bf4 Qe7 15.Ng3 Qf6
16.Bxc7 Nxc3 17.Qb3 Qc6 18.Bb6 Nb5 19.Be3 Nd4 20.Qa2 Be6 21.Rac1 Rac8 22.Bxe6 Qxe6
23.Qxe6 Nxe6 24.b3 f5 25.Ne2 Rxc1 26.Bxc1 Nc5 27.Ba3 Re8 28.Bxc5 Rxe2 29.Rd1 Be5  1/2-1/2

[Event "12th Lichtenberger Sommer"]
[Site "Berlin GER"]
[Date "2013.08.20"]
[Round "4.36"]
[White "Schabe,Felix"]
[Black "Schildt,R"]
[Result "0-1"]
[WhiteElo "1746"]
[BlackElo "2053"]

1.e4 d5 2.exd5 Qxd5 3.Nc3 Qd6 4.Nf3 Nf6 5.d4 a6 6.Be2 Bg4 7.Qd3 Nc6 8.a3 e6
9.Bg5 Be7 10.Rd1 O-O 11.Bxf6 Bxf6 12.Ne4 Qe7 13.O-O Rfd8 14.Nxf6+ Qxf6 15.c3 Ne7
16.Ne5 Bf5 17.Qf3 c6 18.Bd3 Bxd3 19.Qxf6 gxf6 20.Nxd3 Nf5 21.Rfe1 Kf8 22.Re4 Ke7
23.Rde1 b6 24.b3 a5 25.Nf4 a4 26.b4 Nd6 27.R4e2 Nb5 28.Nxe6 fxe6 29.Rxe6+ Kf7
30.Re7+ Kg6 31.R1e3 Rd5 32.c4 Rxd4 33.Rg3+ Kf5 34.Rf3+ Rf4 35.Rxf4+ Kxf4
36.cxb5 cxb5 37.g3+ Kg5 38.Rxh7 Rc8 39.Rd7 Rc3 40.Rd5+ f5 41.Rxb5 Rxa3 42.Rxb6 f4
43.gxf4+ Kxf4 44.Kg2 Rb3 45.b5 a3 46.Ra6 Rxb5 47.Rxa3 Rb2 48.h3 Rc2 49.Rg3 Ra2
50.Rg6 Ra3 51.h4 Kf5 52.Rg8 Ra4 53.Kg3 Ra1 54.Rg5+ Kf6 55.Kg4 Rg1+ 56.Kf4 Ra1
57.Rb5 Ra4+ 58.Kg3 Kg6 59.f3 Ra1 60.Kg4 Rg1+ 61.Kf4 Rh1 62.h5+ Kh6 63.Kg4 Rg1+
64.Kf5 Rg5+  0-1

[Event "Caissa GM Aug 2013"]
[Site "Kecskemet HUN"]
[Date "2013.08.20"]
[Round "6.3"]
[White "Antal,T"]
[Black "Santarius,E"]
[Result "0-1"]
[WhiteElo "2358"]
[BlackElo "2263"]

1.e4 d5 2.exd5 Qxd5 3.Nc3 Qd6 4.d4 Nf6 5.h3 c6 6.Nf3 Bf5 7.Ne5 e6 8.g4 Bg6
9.f4 Nbd7 10.Nxg6 hxg6 11.Bg2 Nb6 12.Qd3 Be7 13.O-O Rd8 14.Ne2 Qc7 15.Be3 Nbd5
16.g5 Nb4 17.Qb3 Nfd5 18.Bd2 Na6 19.c4 Nb6 20.a4 Nc8 21.Bc3 Nd6 22.Ng3 Kf8
23.c5 Nf5 24.Nxf5 gxf5 25.Qc2 Qd7 26.Rad1 Rb8 27.Qe2 Nc7 28.Qe5 f6 29.Qe3 Kf7
30.Rde1 g6 31.gxf6 Bxf6 32.d5 Nxd5 33.Bxd5 cxd5 34.Bxf6 Kxf6 35.Rf3 Kf7 36.Qe5 Rhe8
37.Kh2 Rbd8 38.Rg3 Rg8 39.Qd4 Rc8 40.b4 b6 41.Rge3 bxc5 42.bxc5 Rc6 43.Rb1 Rgc8
44.Rc3 Qe7 45.Rbc1 Qf6 46.Qf2 Rb8 47.R1c2 Rb4 48.Rd3 Rxa4 49.Rb2 Rc7 50.Rc2 g5
51.fxg5 Qxg5 52.Rg3 Qf4 53.Qe2 Kf6 54.Rc3 Re4 55.Qg2 Rg7 56.c6 Rxg3 57.Rxg3 Qe5
58.Qf3 Rc4 59.Qa3 Rc2+ 60.Kh1 Qe1+  0-1

[Event "Brasschaat Open 2013"]
[Site "Brasschaat BEL"]
[Date "2013.08.21"]
[Round "5.2"]
[White "Dgebuadze,A"]
[Black "Kasparov,S"]
[Result "1/2-1/2"]
[WhiteElo "2515"]
[BlackElo "2484"]

1.e4 d5 2.exd5 Qxd5 3.Nc3 Qd6 4.d4 Nf6 5.Nf3 c6 6.Ne5 Nbd7 7.Nc4 Qc7 8.Qf3 Nb6
9.Bf4 Qd7 10.Nxb6 axb6 11.Rd1 e6 12.a3 Nd5 13.Bd2 Nxc3 14.Bxc3 Qd5 15.Be2 Qxf3
16.Bxf3 Bd6 17.Bb4 Ke7 18.Bxd6+ Kxd6 19.O-O Rd8 20.Rfe1 Kc7 21.g3 Rd6 22.h4 Bd7
23.Re5 f6 24.Re3 Re8 25.Kf1 e5 26.dxe5 Rxd1+ 27.Bxd1 Rxe5 28.Rxe5 fxe5 29.Ke1 Kd6
30.Kd2 b5 31.Ke3 h6 32.c3 Be8 33.Bg4 b6 34.Bd1 c5 35.Be2 b4 36.cxb4 cxb4
37.axb4 g5 38.Bc4 Bc6 39.Be2 Be8 40.Bf3 Ke6 41.Be4 Ba4 42.hxg5 hxg5 43.Bb7 Be8
44.Bc8+ Kf6 45.Kf3 Bc6+ 46.Ke3 Be8 47.Bh3 Bc6 48.f4 gxf4+ 49.gxf4 exf4+ 50.Kxf4 Bd5
51.Bf5 Bc6 52.Be4 Bb5 53.Bb7 Ke6 54.Ke3 Kd6 55.Kd4 Bf1 56.Be4 Kc7  1/2-1/2

[Event "12th Lichtenberger Sommer"]
[Site "Berlin GER"]
[Date "2013.08.22"]
[Round "6.53"]
[White "Becker,Ja"]
[Black "Zenkner,C"]
[Result "1-0"]
[WhiteElo "2038"]
[BlackElo "1909"]

1.e4 d5 2.exd5 Qxd5 3.Nc3 Qd6 4.d4 Nf6 5.Nf3 a6 6.Bc4 b5 7.Bb3 e6 8.Be3 Be7
9.Qe2 O-O 10.O-O Nd5 11.Ne4 Qb6 12.Bg5 Bxg5 13.Nexg5 Nd7 14.Rfe1 Bb7 15.c3 Nf4
16.Qd2 Ng6 17.Nxe6 Rfe8 18.Neg5 Rf8 19.Qd3 Qf6 20.Bc2 Rad8 21.Qf5 Qxf5 22.Bxf5 c5
23.Bxd7 Rxd7 24.dxc5 Bxf3 25.Nxf3 Rfd8 26.a4 Nf4 27.axb5 axb5 28.g3 Nd3 29.Red1 Nxc5
30.Rxd7 Nxd7 31.Rd1 Kf8 32.Ne5 Ke8 33.Rxd7 Rxd7 34.Nxd7 Kxd7 35.Kf1 Kc6 36.Ke2 Kc5
37.Kd3 h5 38.h4 f6 39.b3 f5 40.Ke3  1-0

[Event "12th Lichtenberger Sommer"]
[Site "Berlin GER"]
[Date "2013.08.23"]
[Round "7.75"]
[White "Bender,Se2"]
[Black "Engelhardt,Er"]
[Result "0-1"]
[WhiteElo "1921"]
[BlackElo "1841"]

1.e4 d5 2.exd5 Qxd5 3.Nc3 Qd6 4.d4 Nf6 5.Nf3 Bg4 6.Be2 c6 7.Be3 e6 8.Qd2 Qc7
9.Bf4 Bd6 10.Bg3 Nbd7 11.Ng5 Bxe2 12.Qxe2 Nf8 13.O-O O-O-O 14.Bxd6 Rxd6 15.Rfd1 Ng6
16.Nce4 Nxe4 17.Nxe4 Rdd8 18.c4 Kb8 19.c5 Ne7 20.b4 Nf5 21.Qc4 Qf4 22.Nd6 Nxd6
23.cxd6 Qxd6 24.Qc5 Qxc5 25.dxc5 Kc7 26.Kf1 Rd5 27.Rxd5 exd5 28.Ke2 Re8+
29.Kd3 Re4 30.a3 Kd7 31.Rd1 b6 32.Rc1 b5 33.Ra1 a5 34.Rb1 a4 35.Rc1 Ke6 36.Kd2 Kf5
37.Rc3 g5 38.Rd3 h5 39.Rc3 Kg6 40.Rd3 f5 41.Rc3 f4 42.Rd3 Kf5 43.Rh3 h4 44.Rc3 Re6
45.Rd3 Ke4 46.Kc3 Re7 47.Rd4+ Kf5 48.Kd2 Re4 49.Rd3 Ke5 50.Rc3 Rd4+ 51.Ke2 Rc4
52.Rd3 g4 53.f3 Rc2+ 54.Kf1 g3 55.h3 d4 56.Rd1 Rc3 57.Re1+ Re3 58.Ra1 d3
59.Ra2 Kd4 60.Rd2 Kc3  0-1

[Event "22nd Feffernitz Open 2013"]
[Site "Feffernitz GER"]
[Date "2013.08.23"]
[Round "7.4"]
[White "Praznik,A"]
[Black "Kosmac,B"]
[Result "1/2-1/2"]
[WhiteElo "2154"]
[BlackElo "2209"]

1.e4 d5 2.exd5 Qxd5 3.Nc3 Qd6 4.d4 Nf6 5.Nf3 g6 6.g3 Bg7 7.Bf4 Qb6 8.Na4 Qa5+
9.c3 c6 10.b4 Qd8 11.Bg2 Nbd7 12.Nc5 Nd5 13.Bd2 Nxc5 14.bxc5 Bf5 15.O-O O-O  1/2-1/2

[Event "e2e4 Coventry Open"]
[Site "Coventry ENG"]
[Date "2013.08.24"]
[Round "2"]
[White "Collins,Andrew"]
[Black "Hughes,Ro"]
[Result "0-1"]
[WhiteElo "1738"]
[BlackElo "1993"]

1.e4 d5 2.exd5 Qxd5 3.Nc3 Qd6 4.d4 Nf6 5.Nf3 a6 6.g3 b5 7.Bg2 Bb7 8.O-O e6
9.Bf4 Qb6 10.a3 Bd6 11.Be3 c5 12.dxc5 Bxc5 13.Bxc5 Qxc5 14.Qd4 Nbd7 15.Rfd1 Rc8
16.Ne5 Bxg2 17.Nxd7 Qxd4 18.Rxd4 Nxd7 19.Kxg2 Ne5 20.Rd6 Rc6 21.Rad1 Ke7
22.Rxc6 Nxc6 23.f4 Na5 24.Na2 Nc4 25.Rd3 Nxb2 26.Rc3 Nc4 27.a4 Rc8 28.axb5 axb5
29.Nb4 Kf6 30.Kf2 h5 31.h3 Rd8 32.Nd3 Rd5 33.Ke2 Ke7 34.Rb3 f6 35.g4 hxg4
36.hxg4 g5 37.Rc3 gxf4 38.Nxf4 Rg5 39.Rg3 f5 40.Kf3 Ne5+ 41.Ke2 Rxg4 42.Rxg4 Nxg4
43.Kd3 Kd6 44.Ne2 e5 45.Ng3 Ke6 46.Ke2 Nf6 47.Kd3 f4 48.Nf1 Kd5 49.Nd2 e4+
50.Ke2 Kd4 51.Nb3+ Kc3 52.Kf2 b4 53.Nc1 Kxc2 54.Ne2 f3  0-1

[Event "TCh-SRB 1st League 2013"]
[Site "Kragujevac SRB"]
[Date "2013.08.24"]
[Round "1.2"]
[White "Sredojevic,I"]
[Black "Radlovacki,J"]
[Result "1/2-1/2"]
[WhiteElo "2413"]
[BlackElo "2423"]

1.e4 d5 2.exd5 Qxd5 3.Nc3 Qd8 4.d4 Nf6 5.h3 Bf5 6.Nf3 e6 7.Bc4 c6 8.O-O Nbd7
9.Qe2 Be7 10.a4 O-O 11.Nh4 Nb6 12.Nxf5 exf5 13.Bb3 a5 14.Qf3 Qd7 15.Ne2 Nbd5
16.Ng3 g6 17.Bh6 Rfe8 18.Rfe1 Nc7 19.Rad1 Bd8 20.Rxe8+ Ncxe8 21.d5 cxd5 22.Bxd5 Nxd5
23.Rxd5 Qxa4 24.Qd3 Bf6 25.Rd7 Qc6 26.Qa3 Bg7 27.Qe7 Qf6 28.Bxg7 Qxe7 29.Rxe7 Kxg7
30.Rxb7 Rd8 31.Kf1 Rd2 32.c3 Nd6 33.Rd7 f4 34.Nh1 Rxb2 35.Rxd6 Rb1+ 36.Ke2 Rxh1
37.Ra6 Ra1 38.Kf3 Ra2 39.c4  1/2-1/2

[Event "3rd Isthmia Open"]
[Site "Vrachati GRE"]
[Date "2013.08.24"]
[Round "8.15"]
[White "Kouskoutis,Georgios-Alexandros"]
[Black "Borsuk,A"]
[Result "1/2-1/2"]
[WhiteElo "1917"]
[BlackElo "2220"]

1.e4 d5 2.exd5 Qxd5 3.Nc3 Qd6 4.d4 Nf6 5.Nf3 a6 6.h3 e6 7.Bc4 b5 8.Bb3 c5
9.dxc5 Qxd1+ 10.Nxd1 Bxc5 11.Be3 Nbd7 12.c3 Bb7 13.Bc2 Ke7 14.Bxc5+ Nxc5
15.Ne3 Rhd8 16.Rd1 Nd5 17.O-O g6 18.Rfe1 Nxe3 19.fxe3 f6 20.Nd4 Bd5 21.e4 Bb7
22.e5 f5 23.b4 Nd7 24.Bb3 Nf8 25.a4 bxa4 26.Bxa4 Rac8 27.Rc1 Bd5 28.Red1 g5
29.c4 Ba8 30.Bb3 Ng6 31.c5 Nf4 32.g3 Rxd4 33.gxf4 Rxb4 34.Rc3 gxf4 35.Rd6 Rg8+
36.Kf1 Bd5 37.Bxd5 exd5 38.Rxd5 Ke6 39.Rd6+ Kxe5 40.Rxa6 Rb1+ 41.Kf2 Rb2+
42.Kf1 Rbg2 43.c6 Rg1+ 44.Ke2 R8g2+ 45.Kf3 Rg3+ 46.Kf2 Rxc3 47.Kxg1 Rc2 48.Ra7 h5
49.c7 Ke4 50.Ra4+ Kf3 51.Ra3+ Ke4 52.Ra4+ Ke5 53.Ra7 f3 54.Ra4 Rxc7 55.Kf2 Rc3
56.Rb4 Rd3 57.Ra4 Rd4 58.Ra3 Kf4 59.Rxf3+ Kg5 60.Ra3 Kh4 61.Ra5 Kg5 62.Ra3 Rd2+
63.Kf3 h4 64.Ra8 Rh2 65.Rg8+ Kf6 66.Rf8+ Kg6 67.Rg8+ Kf7 68.Rg5 Kf6 69.Rh5 Rxh3+
70.Kf4  1/2-1/2

[Event "12th Lichtenberger Sommer"]
[Site "Berlin GER"]
[Date "2013.08.25"]
[Round "9.67"]
[White "Bernasconi,R"]
[Black "Engelhardt,Er"]
[Result "1-0"]
[WhiteElo "1931"]
[BlackElo "1841"]

1.e4 d5 2.exd5 Qxd5 3.Nc3 Qd6 4.Bc4 Nf6 5.d3 Bf5 6.Qf3 Bc8 7.Nge2 c6 8.h3 Nbd7
9.Qf4 Nb6 10.Bb3 e5 11.Qf3 Be6 12.Ng3 Be7 13.Nf5 Bxf5 14.Qxf5 O-O 15.O-O Rad8
16.Re1 Nfd7 17.Ne4 Qg6 18.Qxg6 hxg6 19.Bd2 Nd5 20.a3 Kh8 21.Re2 f6 22.Rae1 Nc5
23.Bc4 Nxe4 24.Rxe4 g5 25.h4 Bd6 26.hxg5 g6 27.gxf6 Nxf6 28.Rh4+ Nh5 29.g4  1-0

[Event "e2e4 Coventry Open"]
[Site "Coventry ENG"]
[Date "2013.08.25"]
[Round "4"]
[White "Shaw,Meyrick"]
[Black "Slinger,Tony J"]
[Result "1-0"]
[WhiteElo "1967"]
[BlackElo "2008"]

1.e4 d5 2.exd5 Qxd5 3.Nc3 Qd6 4.d4 Nf6 5.Nf3 c6 6.Ne5 Be6 7.Bf4 Nd5 8.Nxd5 Qxd5
9.c4 Qa5+ 10.Bd2 Qc7 11.Bd3 Nd7 12.Nf3 Bg4 13.h3 Bh5 14.O-O e6 15.Re1 O-O-O
16.Be2 Nf6 17.Qa4 c5 18.Qxa7 b6 19.Qa8+ Kd7 20.Ne5+  1-0

[Event "e2e4 Coventry Open"]
[Site "Coventry ENG"]
[Date "2013.08.25"]
[Round "4"]
[White "Salem,I"]
[Black "Hughes,Ro"]
[Result "1/2-1/2"]
[WhiteElo "2102"]
[BlackElo "1993"]

1.e4 d5 2.exd5 Qxd5 3.Nc3 Qd6 4.d4 Nf6 5.Bc4 a6 6.a4 Nc6 7.Nge2 Bg4 8.f3 Bf5
9.O-O e6 10.Be3 Be7 11.Ng3 Bg6 12.Qd2 O-O 13.Rad1 Rad8 14.Bb3 Qd7 15.Qe2 Rfe8
16.f4 Nb4 17.Kh1 Nbd5 18.Nxd5 Nxd5 19.Bc1 c6 20.Qg4 Nf6 21.Qf3 Bd6 22.c4 Bb8
23.d5 Qc7 24.dxe6 fxe6 25.h4 Bf7  1/2-1/2

[Event "e2e4 Coventry Open"]
[Site "Coventry ENG"]
[Date "2013.08.25"]
[Round "5"]
[White "Collins,Andrew"]
[Black "Slinger,Tony J"]
[Result "1/2-1/2"]
[WhiteElo "1738"]
[BlackElo "2008"]

1.e4 d5 2.exd5 Qxd5 3.Nc3 Qd6 4.d4 Nf6 5.Nf3 c6 6.Be2 Bg4 7.O-O Nbd7 8.Be3 e6
9.Qd2 Qc7 10.Qe1 Bd6 11.h3 h5 12.Ng5 Bh2+ 13.Kh1 Bf4 14.Qd2 Bd6 15.Nce4 Bxe2
16.Qxe2 Be7 17.f4 Nxe4 18.Nxe4 g6 19.Bg1 O-O 20.Bh2 Qa5 21.c3 Nf6 22.Nd2 Rfe8
23.Qf3 Qd5 24.Qe2 b5 25.Nf3 a6 26.Ne5 Bf8 27.Qc2 Rac8 28.Rfe1 Bg7 29.Re3 c5
30.dxc5 Qxc5 31.Bg1 Qd5 32.Rd1 Qxa2 33.Rg3 Qa4 34.Qxa4 bxa4 35.Ra1 Rb8 36.Rxa4 Rxb2
37.Rxa6 Rb7 38.Rd3 Nd5 39.Be3 Rc8 40.Bd2 Rbc7 41.Rd6 Nxc3 42.Bxc3 Rxc3 43.Rxc3 Rxc3
44.Rd8+ Kh7 45.Nxf7 Bf6 46.Ng5+ Bxg5 47.fxg5 Rc5 48.Re8 Rxg5 49.Rxe6  1/2-1/2